Edo! Pepo! Kdopak je to? /

Uloženo v:
Hlavní autor: Hegerová, Vendula, 1976- (Autor, Ilustrátor)
Médium: Kniha
Jazyk:Czech
Vydáno: Praha : Portál, 2026
Vydání:Vydání první
Témata:
Celkem bylo vypůjčeno:0x
Tagy:
Žádné tagy
LEADER 01631nam a2200433 i 4500
001 106138
003 CZ PrNK
005 20260415114758.0
007 ta
008 260323s2026 xr a b 6 000 0 cze
015 |a cnb003746822 
020 |a 9788026224006  |q (vázáno) 
040 |a ABG001  |b cze  |e rda 
072 7 |a 37  |x Výchova a vzdělávání  |2 Konspekt  |9 22 
072 7 |a 0/9-053.2  |x Literatura pro děti a mládež (naučná)  |2 Konspekt  |9 26 
080 |a 37.015.31:316.42  |2 MRF 
080 |a (07)741.52  |2 MRF 
080 |a (0.053.2)  |2 MRF 
100 1 |a Hegerová, Vendula,  |d 1976-  |7 ola2003204967  |4 aut  |9 15752  |4 ill 
245 1 0 |a Edo! Pepo! Kdopak je to? /  |c napsala a ilustrovala Vendula Hegerová 
246 3 0 |a Kdopak je to? 
250 |a Vydání první 
264 1 |a Praha :  |b Portál,  |c 2026 
300 |a 62 stran :  |b barevné ilustrace ;  |c 25 cm 
336 |a text  |b txt  |2 rdacontent 
336 |a statický obraz  |b sti  |2 rdacontent 
337 |a bez média  |b n  |2 rdamedia 
338 |a svazek  |b nc  |2 rdacarrier 
650 0 7 |a osobnostní a sociální výchova  |7 ph351300  |2 czenas  |9 2811 
650 0 9 |a personal and social education  |2 eczenas 
655 7 |a vzdělávací komiksy  |7 fd1058482  |2 czenas 
655 7 |a publikace pro děti  |7 fd133156  |2 czenas  |9 23 
655 9 |a educational comics  |2 eczenas 
655 9 |a children's literature  |2 eczenas 
710 2 |a Portál (nakladatelství)  |7 ko2003199531  |4 pbl  |9 117200 
910 |a UOG502 
942 |2 ddc  |c KN 
999 |d 106138 
993 |0 0  |1 421180106863  |2 ddc  |4 0  |6 37_000000000000000  |7 0  |9 99450  |b 0  |c 106863  |d 2026-04-15  |e 0  |f M  |g 37  |h 369.00  |i Koupě  |l M  |r 2026-04-15  |t 7  |w 2026-04-15  |y KN  |z NAUCNA  |n